[Event "45th FIDE Chess Olympiad Open"]
[Site "Budapest, Hungary"]
[Date "2024.09.22"]
[Round "11"]
[White "Christie, Joshua"]
[Black "Njoroge, Martin"]
[Result "1-0"]
[Board "253"]
[WhiteFideId "7402074"]
[BlackFideId "10801952"]
[WhiteTitle "FM"]
[WhiteElo "2271"]
[BlackElo "1972"]
[WhiteTeam "Jamaica"]
[BlackTeam "Kenya"]
[WhiteClock "0:20:40"]
[BlackClock "0:27:39"]
[Variant "Standard"]

1. d4 {[%clk 1:30:53]}  d5 {[%clk 1:28:08]} 2. c4 {[%clk 1:31:01]}  e6 {[%clk 1:25:50]} 3. Nc3 {[%clk 1:31:09]}  Be7 {[%clk 1:26:14]} 4. Nf3 {[%clk 1:30:15]}  Nf6 {[%clk 1:25:51]} 5. Bg5 {[%clk 1:29:42]}  O-O {[%clk 1:20:12]} 6. e3 {[%clk 1:29:26]}  Nbd7 {[%clk 1:20:08]} 7. Rc1 {[%clk 1:28:18]}  c6 {[%clk 1:15:38]} 8. Qc2 {[%clk 1:26:18]}  Nb6 {[%clk 1:10:04]} 9. c5 {[%clk 1:19:12]}  Nbd7 {[%clk 1:08:17]} 10. b4 {[%clk 1:16:55]}  Nh5 {[%clk 1:06:04]} 11. h4 {[%clk 1:02:14]}  f5 {[%clk 1:03:47]} 12. Bf4 {[%clk 0:52:37]}  Nxf4 {[%clk 1:02:31]} 13. exf4 {[%clk 0:52:52]}  Nf6 {[%clk 1:02:17]} 14. Be2 {[%clk 0:50:31]}  Bd7 {[%clk 0:58:52]} 15. O-O {[%clk 0:49:48]}  Ne4 {[%clk 0:58:25]} 16. g3 {[%clk 0:48:46]}  h6 {[%clk 0:54:49]} 17. h5 {[%clk 0:26:38]}  Be8 {[%clk 0:52:17]} 18. Ne5 {[%clk 0:25:56]}  Bf6 {[%clk 0:51:19]} 19. Nb1 {[%clk 0:25:23]}  Be7 {[%clk 0:43:15]} 20. Kg2 {[%clk 0:23:24]}  Rc8 {[%clk 0:32:05]} 21. Nd2 {[%clk 0:20:15]}  b6 {[%clk 0:29:57]} 22. Nb3 {[%clk 0:20:14]}  b5 {[%clk 0:26:18]} 23. Ra1 {[%clk 0:19:34]}  Nf6 {[%clk 0:26:11]} 24. Rh1 {[%clk 0:19:44]}  Nd7 {[%clk 0:26:13]} 25. a4 {[%clk 0:19:18]}  Nxe5 {[%clk 0:25:47]} 26. dxe5 {[%clk 0:19:17]}  a6 {[%clk 0:25:45]} 27. Nd4 {[%clk 0:18:33]}  Bd7 {[%clk 0:25:14]} 28. axb5 {[%clk 0:17:11]}  axb5 {[%clk 0:25:34]} 29. Ra7 {[%clk 0:16:55]}  Rc7 {[%clk 0:25:25]} 30. Rha1 {[%clk 0:16:35]}  Qb8 {[%clk 0:25:01]} 31. R7a6 {[%clk 0:15:11]}  Kh8 {[%clk 0:22:27]} 32. R1a3 {[%clk 0:14:40]}  Qc8 {[%clk 0:18:54]} 33. Qa2 {[%clk 0:14:40]}  Rb7 {[%clk 0:18:56]} 34. Ra7 {[%clk 0:14:21]}  Rb8 {[%clk 0:14:49]} 35. R3a6 {[%clk 0:13:51]}  Bd8 {[%clk 0:14:52]} 36. Ra8 {[%clk 0:12:35]}  Bc7 {[%clk 0:14:38]} 37. Rxb8 {[%clk 0:09:10]}  Bxb8 {[%clk 0:14:16]} 38. Ra8 {[%clk 0:08:50]}  Kg8 {[%clk 0:12:34]} 39. Qa6 {[%clk 0:08:43]}  Qxa6 {[%clk 0:07:22]} 40. Rxa6 {[%clk 0:09:05]}  Rc8 {[%clk 0:07:42]} 41. Rb6 {[%clk 0:01:59]}  Kf8 {[%clk 0:03:57]} 42. g4 {[%clk 0:29:14]}  fxg4 {[%clk 0:32:14]} 43. Bxg4 {[%clk 0:29:14]}  Ke7 {[%clk 0:30:15]} 44. Rb7 {[%clk 0:28:36]}  Bc7 {[%clk 0:30:01]} 45. Kf3 {[%clk 0:28:34]}  Kf7 {[%clk 0:28:04]} 46. Ke3 {[%clk 0:27:36]}  g6 {[%clk 0:27:20]} 47. hxg6+ {[%clk 0:21:26]}  Kxg6 {[%clk 0:27:10]} 48. Bxe6 {[%clk 0:19:44]}  Bxe6 {[%clk 0:27:08]} 49. Nxe6 {[%clk 0:20:05]}  Bxe5 {[%clk 0:27:28]} 50. fxe5 {[%clk 0:20:19]}  Re8 {[%clk 0:27:40]} 51. Rg7+ {[%clk 0:20:05]}  Kf5 {[%clk 0:27:17]} 52. Nd4+ {[%clk 0:20:22]}  Kxe5 {[%clk 0:27:39]} 53. Rf7 {[%clk 0:20:40]} 1-0

[Event "45th FIDE Chess Olympiad Open"]
[Site "Budapest, Hungary"]
[Date "2024.09.22"]
[Round "11"]
[White "Kanegeni, Matthew Kamau"]
[Black "Smith, Shreyas"]
[Result "0-1"]
[Board "254"]
[WhiteFideId "10800255"]
[BlackFideId "7400713"]
[BlackTitle "FM"]
[WhiteElo "1976"]
[BlackElo "2226"]
[WhiteTeam "Kenya"]
[BlackTeam "Jamaica"]
[WhiteClock "0:18:33"]
[BlackClock "0:31:44"]
[Variant "Standard"]

1. e4 {[%clk 1:27:54]}  c5 {[%clk 1:30:53]} 2. Nf3 {[%clk 1:28:21]}  Nc6 {[%clk 1:31:18]} 3. d4 {[%clk 1:28:46]}  cxd4 {[%clk 1:31:42]} 4. Nxd4 {[%clk 1:29:12]}  e5 {[%clk 1:31:38]} 5. Nb5 {[%clk 1:29:34]}  d6 {[%clk 1:32:03]} 6. c4 {[%clk 1:30:00]}  Be7 {[%clk 1:31:53]} 7. Bd3 {[%clk 1:30:27]}  Nf6 {[%clk 1:31:13]} 8. O-O {[%clk 1:30:42]}  O-O {[%clk 1:31:27]} 9. N1c3 {[%clk 1:28:29]}  a6 {[%clk 1:31:36]} 10. Na3 {[%clk 1:28:58]}  Be6 {[%clk 1:31:38]} 11. Nc2 {[%clk 1:28:52]}  Rc8 {[%clk 1:31:49]} 12. Nd5 {[%clk 1:28:17]}  Nd7 {[%clk 1:31:13]} 13. b3 {[%clk 1:26:55]}  Bg5 {[%clk 1:28:09]} 14. Ba3 {[%clk 1:26:44]}  Nc5 {[%clk 1:27:42]} 15. b4 {[%clk 1:25:28]}  Nxd3 {[%clk 1:23:05]} 16. Qxd3 {[%clk 1:24:34]}  f5 {[%clk 1:21:24]} 17. f3 {[%clk 1:20:35]}  Ne7 {[%clk 1:14:23]} 18. Nce3 {[%clk 1:03:51]}  Bxe3+ {[%clk 1:10:06]} 19. Nxe3 {[%clk 1:03:16]}  f4 {[%clk 1:09:42]} 20. Nd5 {[%clk 1:02:30]}  Nxd5 {[%clk 1:09:48]} 21. exd5 {[%clk 0:59:45]}  Bf5 {[%clk 1:09:49]} 22. Qe2 {[%clk 1:00:14]}  Rf6 {[%clk 1:08:51]} 23. Rad1 {[%clk 0:57:29]}  Rh6 {[%clk 1:08:13]} 24. Rf2 {[%clk 0:50:55]}  Qh4 {[%clk 0:48:46]} 25. h3 {[%clk 0:51:19]}  Rg6 {[%clk 0:48:52]} 26. Kf1 {[%clk 0:48:40]}  e4 {[%clk 0:45:30]} 27. fxe4 {[%clk 0:43:51]}  Bg4 {[%clk 0:44:56]} 28. Qd3 {[%clk 0:39:21]}  Bxd1 {[%clk 0:44:58]} 29. Qxd1 {[%clk 0:39:38]}  Rxc4 {[%clk 0:45:14]} 30. e5 {[%clk 0:38:33]}  Re4 {[%clk 0:30:54]} 31. e6 {[%clk 0:33:42]}  f3 {[%clk 0:30:36]} 32. Rxf3 {[%clk 0:28:34]}  Rf6 {[%clk 0:30:27]} 33. b5 {[%clk 0:19:45]}  Rxf3+ {[%clk 0:30:42]} 34. gxf3 {[%clk 0:19:42]}  Qxh3+ {[%clk 0:31:00]} 35. Kg1 {[%clk 0:18:27]}  Qg3+ {[%clk 0:31:20]} 36. Kf1 {[%clk 0:18:33]}  Re3 {[%clk 0:31:44]} 0-1

[Event "45th FIDE Chess Olympiad Open"]
[Site "Budapest, Hungary"]
[Date "2024.09.22"]
[Round "11"]
[White "Glaves, Raheem"]
[Black "Oluka Robert Mcligeyo"]
[Result "1-0"]
[Board "255"]
[WhiteFideId "7402724"]
[BlackFideId "10814647"]
[WhiteTitle "FM"]
[WhiteElo "2094"]
[BlackElo "1990"]
[WhiteTeam "Jamaica"]
[BlackTeam "Kenya"]
[WhiteClock "0:14:57"]
[BlackClock "0:31:53"]
[Variant "Standard"]

1. e4 {[%clk 1:30:59]}  c5 {[%clk 1:29:26]} 2. Nf3 {[%clk 1:27:49]}  Nc6 {[%clk 1:29:47]} 3. Nc3 {[%clk 1:23:18]}  g6 {[%clk 1:27:20]} 4. d4 {[%clk 1:17:28]}  cxd4 {[%clk 1:27:43]} 5. Nxd4 {[%clk 1:17:53]}  Bg7 {[%clk 1:28:06]} 6. Nb3 {[%clk 1:18:14]}  Nf6 {[%clk 1:27:40]} 7. Be2 {[%clk 1:17:53]}  O-O {[%clk 1:27:55]} 8. Be3 {[%clk 1:14:31]}  d6 {[%clk 1:28:14]} 9. g4 {[%clk 1:14:43]}  a5 {[%clk 1:27:37]} 10. a4 {[%clk 1:15:00]}  Be6 {[%clk 1:15:39]} 11. g5 {[%clk 1:15:13]}  Nd7 {[%clk 1:13:09]} 12. f4 {[%clk 1:10:00]}  Bxb3 {[%clk 1:13:26]} 13. cxb3 {[%clk 1:10:28]}  Rc8 {[%clk 1:12:16]} 14. h4 {[%clk 1:08:32]}  Nb4 {[%clk 1:07:54]} 15. Rc1 {[%clk 1:01:56]}  Nc5 {[%clk 1:04:21]} 16. h5 {[%clk 1:01:17]}  Qb6 {[%clk 1:04:38]} 17. Rh3 {[%clk 0:41:14]}  Qc6 {[%clk 1:03:26]} 18. hxg6 {[%clk 0:39:55]}  hxg6 {[%clk 1:00:19]} 19. Bb5 {[%clk 0:34:46]}  Qc7 {[%clk 0:56:23]} 20. f5 {[%clk 0:33:19]}  b6 {[%clk 0:48:46]} 21. fxg6 {[%clk 0:30:31]}  fxg6 {[%clk 0:49:11]} 22. Bc4+ {[%clk 0:29:47]}  Rf7 {[%clk 0:44:17]} 23. Bxf7+ {[%clk 0:19:15]}  Kxf7 {[%clk 0:43:15]} 24. Rf3+ {[%clk 0:19:22]}  Kg8 {[%clk 0:43:36]} 25. Nd5 {[%clk 0:17:29]}  Nbd3+ {[%clk 0:41:05]} 26. Kf1 {[%clk 0:17:24]}  Qb7 {[%clk 0:40:59]} 27. Qxd3 {[%clk 0:16:45]}  e6 {[%clk 0:31:53]} 28. Rxc5 {[%clk 0:14:57]} 1-0

[Event "45th FIDE Chess Olympiad Open"]
[Site "Budapest, Hungary"]
[Date "2024.09.22"]
[Round "11"]
[White "Wanasunia, Elvis Likoko"]
[Black "Shaw, Jaden"]
[Result "0-1"]
[Board "256"]
[WhiteFideId "10815090"]
[BlackFideId "7402880"]
[BlackTitle "FM"]
[WhiteElo "1942"]
[BlackElo "2051"]
[WhiteTeam "Kenya"]
[BlackTeam "Jamaica"]
[WhiteClock "1:00:06"]
[BlackClock "0:29:16"]
[Variant "Standard"]

1. e4 {[%clk 1:30:48]}  e6 {[%clk 1:30:53]} 2. Qe2 {[%clk 1:31:08]}  Ne7 {[%clk 1:30:40]} 3. Nf3 {[%clk 1:31:11]}  c5 {[%clk 1:30:45]} 4. g3 {[%clk 1:31:14]}  g6 {[%clk 1:31:07]} 5. Bg2 {[%clk 1:31:28]}  Bg7 {[%clk 1:31:30]} 6. O-O {[%clk 1:31:40]}  d6 {[%clk 1:31:38]} 7. d3 {[%clk 1:30:34]}  O-O {[%clk 1:31:59]} 8. a4 {[%clk 1:30:38]}  Nbc6 {[%clk 1:31:59]} 9. c3 {[%clk 1:30:44]}  e5 {[%clk 1:30:29]} 10. Nh4 {[%clk 1:28:43]}  h6 {[%clk 1:23:26]} 11. Nd2 {[%clk 1:28:13]}  Be6 {[%clk 1:22:31]} 12. Nc4 {[%clk 1:28:16]}  d5 {[%clk 1:20:54]} 13. Ne3 {[%clk 1:26:55]}  d4 {[%clk 1:14:34]} 14. Nc2 {[%clk 1:26:52]}  g5 {[%clk 1:09:11]} 15. Nf3 {[%clk 1:26:48]}  f5 {[%clk 1:07:57]} 16. exf5 {[%clk 1:27:07]}  Bxf5 {[%clk 1:08:05]} 17. cxd4 {[%clk 1:27:13]}  exd4 {[%clk 1:08:10]} 18. Nd2 {[%clk 1:27:12]}  Ne5 {[%clk 1:05:37]} 19. Ne1 {[%clk 1:26:42]}  N7c6 {[%clk 1:00:27]} 20. Be4 {[%clk 1:26:42]}  Bh3 {[%clk 0:59:11]} 21. Bg2 {[%clk 1:26:58]}  Bg4 {[%clk 0:59:32]} 22. f3 {[%clk 1:27:07]}  Bf5 {[%clk 0:59:37]} 23. f4 {[%clk 1:25:37]}  Ng4 {[%clk 0:56:12]} 24. Nc4 {[%clk 1:23:20]}  Qd7 {[%clk 0:51:02]} 25. fxg5 {[%clk 1:23:01]}  Rae8 {[%clk 0:50:59]} 26. Qc2 {[%clk 1:22:45]}  Ne3 {[%clk 0:48:25]} 27. Nxe3 {[%clk 1:19:07]}  dxe3 {[%clk 0:48:46]} 28. gxh6 {[%clk 1:18:00]}  e2 {[%clk 0:41:32]} 29. Rf3 {[%clk 1:10:14]}  Nd4 {[%clk 0:40:15]} 30. Qc4+ {[%clk 1:10:08]}  Be6 {[%clk 0:38:23]} 31. Rxf8+ {[%clk 1:09:13]}  Rxf8 {[%clk 0:38:37]} 32. Qxc5 {[%clk 1:08:07]}  Nf3+ {[%clk 0:38:28]} 33. Nxf3 {[%clk 1:08:17]}  e1=Q+ {[%clk 0:38:51]} 34. Nxe1 {[%clk 1:07:18]}  Bd4+ {[%clk 0:39:18]} 35. Be3 {[%clk 1:07:36]}  Bxc5 {[%clk 0:39:18]} 36. Bxc5 {[%clk 1:07:54]}  Rf7 {[%clk 0:36:24]} 37. Bxa7 {[%clk 1:06:47]}  Qd6 {[%clk 0:33:00]} 38. Be3 {[%clk 1:06:50]}  Qe5 {[%clk 0:33:08]} 39. Bf4 {[%clk 1:06:05]}  Qxb2 {[%clk 0:33:31]} 40. Rd1 {[%clk 1:05:52]}  Rxf4 {[%clk 0:33:04]} 41. gxf4 {[%clk 1:05:05]}  Bb3 {[%clk 0:33:29]} 42. Bxb7 {[%clk 1:03:17]}  Bxd1 {[%clk 0:33:29]} 43. Be4 {[%clk 1:02:55]}  Qb6+ {[%clk 0:33:33]} 44. Kh1 {[%clk 1:01:59]}  Qxh6 {[%clk 0:33:57]} 45. Ng2 {[%clk 1:02:18]}  Bxa4 {[%clk 0:34:00]} 46. h4 {[%clk 1:02:10]}  Bd1 {[%clk 0:33:35]} 47. Kh2 {[%clk 1:02:02]}  Qh5 {[%clk 0:33:40]} 48. Kg3 {[%clk 1:02:12]}  Qg4+ {[%clk 0:34:00]} 49. Kf2 {[%clk 1:02:34]}  Kg7 {[%clk 0:33:34]} 50. Ke3 {[%clk 1:01:51]}  Kf6 {[%clk 0:33:17]} 51. Kd4 {[%clk 1:01:47]}  Qg3 {[%clk 0:30:40]} 52. Ne3 {[%clk 1:00:42]}  Qf2 {[%clk 0:30:57]} 53. f5 {[%clk 1:00:00]}  Bg4 {[%clk 0:29:04]} 54. Bd5 {[%clk 0:59:03]}  Bxf5 {[%clk 0:29:14]} 55. h5 {[%clk 0:59:15]}  Qf4+ {[%clk 0:29:18]} 56. Be4 {[%clk 0:59:20]}  Bxe4 {[%clk 0:29:33]} 57. dxe4 {[%clk 0:59:40]}  Qe5+ {[%clk 0:29:43]} 58. Kd3 {[%clk 0:59:42]}  Qxh5 {[%clk 0:30:04]} 59. Nc4 {[%clk 0:59:44]}  Qd1+ {[%clk 0:29:20]} 60. Ke3 {[%clk 0:59:50]}  Ke6 {[%clk 0:27:20]} 61. Nd2 {[%clk 0:59:54]}  Qc1 {[%clk 0:27:17]} 62. Kd3 {[%clk 1:00:08]}  Ke5 {[%clk 0:26:44]} 63. Ke3 {[%clk 0:59:40]}  Qc3+ {[%clk 0:26:58]} 64. Ke2 {[%clk 0:59:51]}  Kd4 {[%clk 0:27:07]} 65. Nf3+ {[%clk 0:59:50]}  Kxe4 {[%clk 0:27:25]} 66. Nd2+ {[%clk 1:00:07]}  Kf4 {[%clk 0:27:48]} 67. Nf1 {[%clk 1:00:08]}  Qb2+ {[%clk 0:28:03]} 68. Nd2 {[%clk 1:00:20]}  Qc2 {[%clk 0:28:25]} 69. Ke1 {[%clk 1:00:40]}  Ke3 {[%clk 0:28:39]} 70. Nf1+ {[%clk 1:00:48]}  Kd3 {[%clk 0:29:02]} 71. Ng3 {[%clk 1:00:50]}  Qg2 {[%clk 0:29:24]} 72. Nf1 {[%clk 1:00:06]}  Qe2# {[%clk 0:29:16]} 0-1

[Event "45th FIDE Chess Olympiad Open"]
[Site "Budapest, Hungary"]
[Date "2024.09.22"]
[Round "11"]
[White "Koniahli, Malek"]
[Black "Al Maashani, Amer"]
[Result "1-0"]
[Board "257"]
[WhiteFideId "7603495"]
[BlackFideId "22000100"]
[WhiteTitle "FM"]
[BlackTitle "FM"]
[WhiteElo "2282"]
[BlackElo "1979"]
[WhiteTeam "Syria"]
[BlackTeam "Oman"]
[WhiteClock "0:29:59"]
[BlackClock "0:04:39"]
[Variant "Standard"]

1. e4 {[%clk 1:30:57]}  c5 {[%clk 1:30:55]} 2. Nf3 {[%clk 1:31:22]}  Nc6 {[%clk 1:30:52]} 3. Bb5 {[%clk 1:30:45]}  e6 {[%clk 1:31:17]} 4. O-O {[%clk 1:30:52]}  Nge7 {[%clk 1:31:42]} 5. Re1 {[%clk 1:29:47]}  a6 {[%clk 1:32:01]} 6. Bf1 {[%clk 1:30:12]}  d5 {[%clk 1:31:46]} 7. exd5 {[%clk 1:30:29]}  Nxd5 {[%clk 1:32:08]} 8. d4 {[%clk 1:30:50]}  Nf6 {[%clk 1:32:16]} 9. Be3 {[%clk 1:29:18]}  Be7 {[%clk 1:27:10]} 10. c4 {[%clk 1:27:48]}  O-O {[%clk 1:25:13]} 11. h3 {[%clk 1:27:56]}  cxd4 {[%clk 1:24:54]} 12. Nxd4 {[%clk 1:28:15]}  Qc7 {[%clk 1:24:37]} 13. Qf3 {[%clk 1:19:47]}  Bd7 {[%clk 1:22:15]} 14. Nc3 {[%clk 1:16:28]}  Ne5 {[%clk 1:13:42]} 15. Qe2 {[%clk 1:16:35]}  Ng6 {[%clk 1:14:03]} 16. Qc2 {[%clk 1:12:40]}  Rac8 {[%clk 1:09:44]} 17. Rac1 {[%clk 1:05:15]}  Rfd8 {[%clk 1:04:59]} 18. a3 {[%clk 0:58:22]}  Qa5 {[%clk 0:41:29]} 19. Ra1 {[%clk 0:52:52]}  Qe5 {[%clk 0:36:50]} 20. Rad1 {[%clk 0:48:55]}  Be8 {[%clk 0:34:01]} 21. b4 {[%clk 0:41:51]}  Nh4 {[%clk 0:28:33]} 22. f4 {[%clk 0:41:08]}  Qc7 {[%clk 0:28:32]} 23. Qf2 {[%clk 0:41:08]}  Ng6 {[%clk 0:25:03]} 24. f5 {[%clk 0:39:51]}  exf5 {[%clk 0:23:50]} 25. Nxf5 {[%clk 0:40:05]}  Rxd1 {[%clk 0:24:05]} 26. Rxd1 {[%clk 0:38:58]}  Bd7 {[%clk 0:20:28]} 27. Nxe7+ {[%clk 0:35:53]}  Nxe7 {[%clk 0:20:56]} 28. Bg5 {[%clk 0:36:02]}  Be6 {[%clk 0:15:08]} 29. Bxf6 {[%clk 0:35:45]}  gxf6 {[%clk 0:15:36]} 30. Qxf6 {[%clk 0:33:09]}  Bxc4 {[%clk 0:11:20]} 31. Bxc4 {[%clk 0:33:08]}  Qxc4 {[%clk 0:11:42]} 32. Qxe7 {[%clk 0:33:06]}  Qxc3 {[%clk 0:12:11]} 33. Rf1 {[%clk 0:30:47]}  Qd4+ {[%clk 0:12:03]} 34. Kh2 {[%clk 0:29:38]}  Qc4 {[%clk 0:09:52]} 35. Rf3 {[%clk 0:28:15]}  Rc6 {[%clk 0:08:52]} 36. Qxb7 {[%clk 0:27:46]}  Rg6 {[%clk 0:08:19]} 37. Qb8+ {[%clk 0:27:07]}  Kg7 {[%clk 0:08:47]} 38. Qe5+ {[%clk 0:27:30]}  f6 {[%clk 0:08:09]} 39. Qe7+ {[%clk 0:27:47]}  Qf7 {[%clk 0:04:32]} 40. Qxf7+ {[%clk 0:28:12]}  Kxf7 {[%clk 0:04:59]} 41. Rf5 {[%clk 0:28:35]}  Rg5 {[%clk 0:04:47]} 42. Rxg5 {[%clk 0:28:46]}  fxg5 {[%clk 0:05:15]} 43. Kg3 {[%clk 0:29:09]}  Ke6 {[%clk 0:05:05]} 44. Kg4 {[%clk 0:29:34]}  Kd5 {[%clk 0:04:39]} 45. a4 {[%clk 0:29:59]} 1-0

[Event "45th FIDE Chess Olympiad Open"]
[Site "Budapest, Hungary"]
[Date "2024.09.22"]
[Round "11"]
[White "Salim Mohammed, Salim Al Amri"]
[Black "Halwani,Talal."]
[Result "1-0"]
[Board "258"]
[WhiteFideId "22000089"]
[BlackFideId "7600410"]
[WhiteTitle "FM"]
[WhiteElo "1926"]
[BlackElo "2264"]
[WhiteTeam "Oman"]
[BlackTeam "Syria"]
[WhiteClock "1:05:58"]
[BlackClock "0:22:39"]
[Variant "Standard"]

1. e4 {[%clk 1:30:58]}  e5 {[%clk 1:29:46]} 2. Nf3 {[%clk 1:30:53]}  Nf6 {[%clk 1:30:11]} 3. Nc3 {[%clk 1:31:11]}  Bb4 {[%clk 1:30:20]} 4. Bc4 {[%clk 1:28:15]}  O-O {[%clk 1:29:56]} 5. d3 {[%clk 1:28:41]}  c6 {[%clk 1:22:13]} 6. Bg5 {[%clk 1:24:09]}  d5 {[%clk 1:21:09]} 7. Bxf6 {[%clk 1:21:56]}  gxf6 {[%clk 1:17:26]} 8. Bb3 {[%clk 1:13:28]}  d4 {[%clk 1:15:19]} 9. a3 {[%clk 1:13:48]}  Ba5 {[%clk 1:15:35]} 10. Qd2 {[%clk 1:13:49]}  dxc3 {[%clk 1:15:41]} 11. bxc3 {[%clk 1:14:17]}  Be6 {[%clk 1:15:41]} 12. h4 {[%clk 1:14:30]}  Kh8 {[%clk 1:14:54]} 13. h5 {[%clk 1:09:28]}  Nd7 {[%clk 1:12:01]} 14. Nh4 {[%clk 1:06:37]}  Rg8 {[%clk 1:10:22]} 15. O-O-O {[%clk 1:06:20]}  Qf8 {[%clk 1:10:24]} 16. Kb2 {[%clk 1:06:40]}  Rd8 {[%clk 1:09:09]} 17. Qe3 {[%clk 1:06:54]}  Rg5 {[%clk 1:05:08]} 18. Bxe6 {[%clk 1:06:27]}  fxe6 {[%clk 1:03:00]} 19. Ng6+ {[%clk 1:04:40]}  hxg6 {[%clk 0:48:35]} 20. hxg6+ {[%clk 1:04:51]}  Kg8 {[%clk 0:46:10]} 21. Rh8+ {[%clk 1:04:08]}  Kg7 {[%clk 0:46:30]} 22. Rh7+ {[%clk 1:02:09]}  Kxg6 {[%clk 0:46:21]} 23. Qh3 {[%clk 1:02:37]}  f5 {[%clk 0:30:30]} 24. Rh1 {[%clk 1:02:51]}  Kf6 {[%clk 0:30:37]} 25. Qh4 {[%clk 1:00:34]}  Qg8 {[%clk 0:25:10]} 26. g3 {[%clk 1:00:20]}  Nf8 {[%clk 0:22:44]} 27. Rh5 {[%clk 0:59:39]}  Rd7 {[%clk 0:17:04]} 28. f4 {[%clk 0:59:35]}  Rdg7 {[%clk 0:15:07]} 29. Rh8 {[%clk 0:54:24]}  Qf7 {[%clk 0:07:56]} 30. fxg5+ {[%clk 0:54:45]}  Ke7 {[%clk 0:07:05]} 31. g6+ {[%clk 0:54:36]}  Qf6 {[%clk 0:07:29]} 32. Qxf6+ {[%clk 0:53:47]}  Kxf6 {[%clk 0:07:54]} 33. Rxf8+ {[%clk 0:54:12]}  Kxg6 {[%clk 0:06:47]} 34. exf5+ {[%clk 0:54:12]}  exf5 {[%clk 0:07:12]} 35. Rf1 {[%clk 0:54:35]}  Re7 {[%clk 0:06:15]} 36. R1xf5 {[%clk 0:48:41]}  Bb6 {[%clk 0:06:22]} 37. g4 {[%clk 0:48:32]}  Be3 {[%clk 0:05:50]} 38. Rg8+ {[%clk 0:45:11]}  Kh7 {[%clk 0:06:13]} 39. Rd8 {[%clk 0:45:23]}  Bb6 {[%clk 0:06:05]} 40. Rd6 {[%clk 0:44:36]}  Be3 {[%clk 0:06:10]} 41. g5 {[%clk 0:44:17]}  Kg7 {[%clk 0:06:27]} 42. Rff6 {[%clk 0:43:41]}  Bf4 {[%clk 0:05:45]} 43. Rg6+ {[%clk 0:42:59]}  Kh7 {[%clk 0:05:38]} 44. Rh6+ {[%clk 0:43:11]}  Kg8 {[%clk 0:05:12]} 45. Rdg6+ {[%clk 0:37:06]}  Kf8 {[%clk 0:20:22]} 46. Rh8+ {[%clk 1:06:14]}  Kf7 {[%clk 0:20:51]} 47. Rhg8 {[%clk 1:06:19]}  a5 {[%clk 0:20:54]} 48. R8g7+ {[%clk 1:05:21]}  Ke8 {[%clk 0:21:23]} 49. Rxe7+ {[%clk 1:05:34]}  Kxe7 {[%clk 0:21:48]} 50. Rg7+ {[%clk 1:05:55]}  Ke6 {[%clk 0:22:13]} 51. g6 {[%clk 1:05:57]}  b5 {[%clk 0:22:39]} 52. Ra7 {[%clk 1:05:58]} 1-0

[Event "45th FIDE Chess Olympiad Open"]
[Site "Budapest, Hungary"]
[Date "2024.09.22"]
[Round "11"]
[White "Allatif, Kinan"]
[Black "Al Maashani, Abdullah"]
[Result "1-0"]
[Board "259"]
[WhiteFideId "7603673"]
[BlackFideId "22000542"]
[WhiteElo "1881"]
[BlackElo "1893"]
[WhiteTeam "Syria"]
[BlackTeam "Oman"]
[WhiteClock "0:04:33"]
[BlackClock "0:08:05"]
[Variant "Standard"]

1. d4 {[%clk 1:30:48]}  Nf6 {[%clk 1:30:54]} 2. Nf3 {[%clk 1:31:08]}  g6 {[%clk 1:31:13]} 3. Nc3 {[%clk 1:31:15]}  d5 {[%clk 1:31:10]} 4. Bg5 {[%clk 1:29:12]}  Bg7 {[%clk 1:31:15]} 5. e3 {[%clk 1:21:45]}  Nbd7 {[%clk 1:31:07]} 6. Be2 {[%clk 1:18:20]}  c6 {[%clk 1:26:56]} 7. O-O {[%clk 1:11:53]}  O-O {[%clk 1:27:04]} 8. Bd3 {[%clk 1:09:32]}  h6 {[%clk 1:21:56]} 9. Bh4 {[%clk 1:06:21]}  g5 {[%clk 1:19:27]} 10. Bg3 {[%clk 1:04:59]}  Nh5 {[%clk 1:19:48]} 11. Nxg5 {[%clk 0:50:04]}  Nxg3 {[%clk 1:19:12]} 12. Bh7+ {[%clk 0:50:15]}  Kh8 {[%clk 1:19:33]} 13. fxg3 {[%clk 0:50:33]}  e5 {[%clk 1:02:25]} 14. Nxf7+ {[%clk 0:49:09]}  Rxf7 {[%clk 1:02:46]} 15. Rxf7 {[%clk 0:49:28]}  Kxh7 {[%clk 1:03:11]} 16. h4 {[%clk 0:30:20]}  Qe8 {[%clk 0:54:07]} 17. Qf3 {[%clk 0:26:28]}  Qe6 {[%clk 0:54:07]} 18. Rf1 {[%clk 0:25:27]}  exd4 {[%clk 0:53:40]} 19. exd4 {[%clk 0:25:42]}  Kg8 {[%clk 0:47:39]} 20. Ne2 {[%clk 0:24:08]}  b6 {[%clk 0:46:57]} 21. Rxg7+ {[%clk 0:19:29]}  Kxg7 {[%clk 0:47:16]} 22. Nf4 {[%clk 0:19:45]}  Qe8 {[%clk 0:30:56]} 23. Qg4+ {[%clk 0:15:59]}  Kh8 {[%clk 0:26:00]} 24. Qf5 {[%clk 0:06:43]}  Nf8 {[%clk 0:13:58]} 25. Qf6+ {[%clk 0:06:17]}  Kh7 {[%clk 0:10:19]} 26. Nh5 {[%clk 0:05:03]}  Ne6 {[%clk 0:10:16]} 27. Qf5+ {[%clk 0:04:24]}  Kh8 {[%clk 0:08:05]} 28. Qe5+ {[%clk 0:04:33]} 1-0

[Event "45th FIDE Chess Olympiad Open"]
[Site "Budapest, Hungary"]
[Date "2024.09.22"]
[Round "11"]
[White "Al Busaidi, Hamood"]
[Black "Khalil, Manar"]
[Result "0-1"]
[Board "260"]
[WhiteFideId "22006230"]
[BlackFideId "7604661"]
[BlackTitle "WFM"]
[WhiteElo "1881"]
[BlackElo "1887"]
[WhiteTeam "Oman"]
[BlackTeam "Syria"]
[WhiteClock "0:46:09"]
[BlackClock "0:14:11"]
[Variant "Standard"]

1. e4 {[%clk 1:30:58]}  c5 {[%clk 1:30:42]} 2. Nf3 {[%clk 1:30:46]}  Nc6 {[%clk 1:30:45]} 3. d3 {[%clk 1:29:16]}  d6 {[%clk 1:29:03]} 4. g3 {[%clk 1:29:41]}  Nf6 {[%clk 1:29:00]} 5. Bg2 {[%clk 1:30:04]}  g6 {[%clk 1:29:04]} 6. O-O {[%clk 1:30:28]}  Bg7 {[%clk 1:29:18]} 7. Nc3 {[%clk 1:30:49]}  O-O {[%clk 1:29:22]} 8. h3 {[%clk 1:30:50]}  Rb8 {[%clk 1:26:04]} 9. a4 {[%clk 1:31:03]}  Bd7 {[%clk 1:25:38]} 10. Re1 {[%clk 1:31:03]}  a6 {[%clk 1:23:52]} 11. d4 {[%clk 1:30:11]}  cxd4 {[%clk 1:17:09]} 12. Nxd4 {[%clk 1:29:56]}  Nxd4 {[%clk 1:14:36]} 13. Qxd4 {[%clk 1:30:18]}  Bc6 {[%clk 1:14:07]} 14. Qd3 {[%clk 1:28:45]}  Nd7 {[%clk 1:11:02]} 15. a5 {[%clk 1:28:02]}  Rc8 {[%clk 1:07:42]} 16. Be3 {[%clk 1:26:24]}  Ne5 {[%clk 1:05:03]} 17. Qe2 {[%clk 1:26:23]}  Bd7 {[%clk 0:56:17]} 18. Bb6 {[%clk 1:23:46]}  Qe8 {[%clk 0:56:16]} 19. Nd5 {[%clk 1:19:05]}  Bb5 {[%clk 0:55:22]} 20. Qd1 {[%clk 1:17:57]}  Nc4 {[%clk 0:46:36]} 21. b3 {[%clk 1:05:40]}  Nxb6 {[%clk 0:40:00]} 22. Nxb6 {[%clk 1:05:28]}  Bxa1 {[%clk 0:36:41]} 23. c4 {[%clk 1:04:23]}  Bc3 {[%clk 0:34:36]} 24. Re3 {[%clk 1:04:28]}  Bxa5 {[%clk 0:33:30]} 25. Nxc8 {[%clk 1:04:18]}  Bd7 {[%clk 0:30:50]} 26. Qa1 {[%clk 1:02:00]}  Bc7 {[%clk 0:30:06]} 27. Nxe7+ {[%clk 0:59:38]}  Qxe7 {[%clk 0:28:02]} 28. e5 {[%clk 0:59:58]}  dxe5 {[%clk 0:26:05]} 29. Bxb7 {[%clk 0:59:46]}  a5 {[%clk 0:25:47]} 30. h4 {[%clk 0:59:21]}  Re8 {[%clk 0:23:44]} 31. Bd5 {[%clk 0:59:35]}  Be6 {[%clk 0:23:29]} 32. Bc6 {[%clk 0:58:49]}  Rd8 {[%clk 0:23:49]} 33. h5 {[%clk 0:58:56]}  Qd6 {[%clk 0:20:32]} 34. Bf3 {[%clk 0:58:59]}  Bb6 {[%clk 0:19:41]} 35. Re1 {[%clk 0:55:18]}  e4 {[%clk 0:16:47]} 36. c5 {[%clk 0:51:27]}  Qxc5 {[%clk 0:14:13]} 37. Rxe4 {[%clk 0:46:09]}  Qxf2+ {[%clk 0:14:11]} 0-1